AACR [Anglo-American Cataloging Rules], DDC [Dewey Decimal Classification], MARC [Machine Readable Catalogue] and Friends The role of CIG in bibliographic control ; Ed. by John Byford, Keith V. Trickey, Susi Woodhouse

Podrobná bibliografia
Ďalší autori: Byford, John (Editor), Trickey, Keith V. (Editor), Woodhouse, Susi (Editor)
Médium: Kniha
Jazyk:angličtina
Fyzický popis:XII, 130 s. 22 cm
Vydavateľské údaje: London Library Association Publishing 1993
ISBN:0856040232

MARC

LEADER 00000cam a2200000 a 4500
001 vtls001179823
003 SK-MaSNL
005 20260301002628.0
008 250414s1993 xxk fr 00000 eng
020 |a 0856040232 
035 |a SNK000122825 
040 |a SNK  |b slo  |c SNK  |e AACR2 
041 0 |a eng 
044 |a xxk  |c GB 
080 |a 025.3/.4(082)  |2 1981 
245 0 0 |a AACR [Anglo-American Cataloging Rules], DDC [Dewey Decimal Classification], MARC [Machine Readable Catalogue] and Friends  |b The role of CIG in bibliographic control ; Ed. by John Byford, Keith V. Trickey, Susi Woodhouse 
260 |a London  |b Library Association Publishing  |c 1993 
300 |a XII, 130 s.  |c 22 cm 
700 1 |a Byford, John  |4 edt  |9 282756 
700 1 |a Trickey, Keith V.  |4 edt  |9 282757 
700 1 |a Woodhouse, Susi  |4 edt  |9 282758 
852 |a Slovenská národná knižnica 
919 |a 0-85604-023-2 
954 |a CIG  |a Skupina pre katalogizáciu a indexovanie 
999 |c 537739  |d 539669 
952 |a SNK  |b SNK  |y VYP  |7 0  |p 17A0109848  |o snkIC 125136  |i snkV 1209/95  |8 2  |0 0  |1 0  |4 0  |d 1997-11-26  |l 0  |r 2005-01-01 00:00:00  |w 2026-02-23